000 00591cam a2200217 i 4500
001 4580998
005 20180201093354.0
008 760802s1976 maua b 001 0 eng
010 _a 75028722
020 _a020102912X
040 _aDLC
_cDLC
_dDLC
041 _aeng
080 _a375.001 HOL
082 0 0 _a375.001 HOL
100 _a47
101 _aEDU
245 0 4 _aThe Analysis of behavior in planning instruction /
_cJames G. Holland ... [et al.].
504 _aIncludes bibliographies and indexes.
906 _a7
_bcbc
_corignew
_d2
_eocip
_f19
_gy-gencatlg
942 _2ddc
_cBK
999 _c41562
_d41562